| 000 | 01489nam a22001577a 4500 | ||
|---|---|---|---|
| 999 |
_c518559 _d518559 |
||
| 008 | 210929b ||||| |||| 00| 0 eng d | ||
| 100 |
_a Jeong, Nam-Kim, and Zuniga, Homero Gil De _929629 |
||
| 245 | _aPseudo-information, media, publics, and the failing marketplace of ideas: Theory | ||
| 260 | _aAmerican Behavioral Scientist | ||
| 300 | _a65(2), Feb, 2021: p.163-179 | ||
| 520 | _aThe explosive usage in recent years of the terms “fake news” and “posttruth” reflects worldwide frustration and concern about rampant social problems created by pseudo-information. Our digital networked society and newly emerging media platforms foster public misunderstanding of social affairs, which affects almost all aspects of individual life. The cost of lay citizens’ misunderstandings or crippled lay informatics can be high. Pseudo-information is responsible for deficient social systems and institutional malfunction. We thus ask questions and collect knowledge about the life of pseudo-information and the cognitive and communicative modus operandi of lay publics, as well as how to solve the problem of pseudo-information through understanding the changing media environment in this “truth-be-damned” era of information crisis. – Reproduced | ||
| 650 |
_aDisinformation, Fake news, Information crisis, Lay informatics, Misinformation, Pseudo-information, Publics, Social media _927804 |
||
| 773 | _aAmerican Behavioral Scientist | ||
| 906 | _aMASS MEDIA | ||
| 942 | _cAR | ||